000 00729nam a22002177a 4500
003 BUBTL
008 230314b ||||| |||| 00| 0 eng d
020 _a9780631234883
082 _a822.33/ M1451s/ 2004
100 _95207
_a McDonald, Russ
245 _aShakespeare : an anthology of criticism and theory, 1945-2000 /
_cRuss McDonald
250 _a
260 _aUSA:
_bBlackwell,
_cC2004
300 _axix, 930 p.:
_c24 cm.
500 _aIncludes Index
505 _aShakespeare : an anthology of criticism and theory, 1945-2000, Shakespeare, Russ McDonald, English, English Literature
650 0 _91994
_aEnglish Literature
856 _k0
_l0
_yDownload
942 _2ddc
_cBK
999 _c6969
_d6969